000 01689cam a22003014a 4500
001 15520341
003 OSt
005 20220824140020.0
008 081113s2009 maua b 001 0 eng
010 _a 2008279079
020 _a9780538747561 (pbk.)
020 _a142390222X (pbk.)
040 _aLC
_cLC
_dLC
050 0 0 _aQA76.73.C153.M11
_bM27 2009
082 0 0 _a005.13/3
_222
100 1 _aMalik, D. S.
_910
245 1 0 _aC++ programming :
_bprogram design including data structures /
_cD.S. Malik.
250 _a4th ed.
260 _aBoston, MA :
_bCourse Technology, Cengage Learning,
_cc2009.
300 _axlvi, 1560 p. :
_bcol. ill. ;
_c23 cm.
504 _aIncludes bibliographical references (p. 1511) and index.
505 _aContent: An overview of computers and programming languages -- Basic elements of C++ -- Input/output -- Control structures 1 (selection) -- Control structures 11 (reception) -- User-defined functions 1 -- User-defined functions 11 -- User-defined simple data types, names spaces and the string type -- Arrays and strings -- Records (structs) Classes and data abstraction -- Inheritance and composition -- pointers, classes, virtual functions, and abstract classes -- Overloading and templates -- Exception handling -- Recursion -- Linked lists -- Stacks and queues -- Searching and sorting algorithms -- Binary trees -- Graphs -- Standard templates library (STL).
650 0 _aC++ (Computer program language)
_911
856 4 1 _3Table of contents only
_uhttp://www.loc.gov/catdir/toc/fy1002/2008279079.html
906 _a7
_bcbc
_corigcop
_d2
_encip
_f20
_gy-gencatlg
942 _2ddc
_cBK
999 _c9171
_d16671